[Event "10th Leiden Open A 2016"]
[Site "Leiden NED"]
[Date "2016.07.23"]
[Round "8.6"]
[White "Sandipan,C"]
[Black "Hendriks,W"]
[Result "1-0"]
[WhiteTitle "GM"]
[BlackTitle "IM"]
[WhiteElo "2568"]
[BlackElo "2407"]
[WhiteFideId "5004225"]
[BlackFideId "1000713"]
[EventDate "2016.07.15"]

1. d4 d6 2. e4 Nf6 3. Nd2 e5 4. dxe5 dxe5 5. Ngf3 Bd6 6. Bc4 O-O 7. O-O b6 8. c3
Bb7 9. Qc2 Nbd7 10. Re1 Nc5 11. b4 Ne6 12. a3 h6 13. Nf1 Nh7 14. h3 Nhg5 15.
N3h2 Re8 16. Ng3 Bf8 17. Ng4 Nf4 18. h4 Nge6 19. Nf5 g6 20. Rd1 Bxe4 21. Rxd8
Bxc2 22. Nf6+ Kh8 23. Rxe8 Rxe8 24. Nxe8 Bxf5 25. Bxf4 exf4 26. Bxe6 Bxe6 27.
Nxc7 Bc4 28. Rd1 Bg7 29. Ne8 Be5 30. Rd7 Be6 31. Rxa7 Bxc3 32. Nc7 Bc4 33. Rb7
Bd4 34. Na8 1-0

[Event "10th Leiden Open A 2016"]
[Site "Leiden NED"]
[Date "2016.07.23"]
[Round "8.7"]
[White "Ikonnikov,Vy"]
[Black "Wilschut,P"]
[Result "1-0"]
[WhiteTitle "GM"]
[WhiteElo "2538"]
[BlackElo "2237"]
[WhiteFideId "4100972"]
[BlackFideId "1007165"]
[EventDate "2016.07.15"]

1. d4 d5 2. Nf3 Nf6 3. c4 c6 4. Nc3 a6 5. c5 g6 6. h3 Bg7 7. Bf4 Bf5 8. Qb3 Qc8
9. e3 O-O 10. Be2 Nbd7 11. O-O h6 12. Bh2 g5 13. Na4 Ra7 14. Rac1 Re8 15. Rfd1
Nf8 16. Ne5 N6d7 17. g4 Bh7 18. Bd3 Bxd3 19. Qxd3 Nxe5 20. dxe5 f6 21. e4 e6 22.
exf6 Bxf6 23. Nb6 Qd8 24. Rc2 Qe7 25. Bd6 Qg7 26. Re2 Nd7 27. exd5 Nxb6 28. cxb6
Raa8 29. dxc6 bxc6 30. Qb3 1-0

[Event "10th Leiden Open A 2016"]
[Site "Leiden NED"]
[Date "2016.07.23"]
[Round "8.8"]
[White "Peng Zhaoqin"]
[Black "Horvath,Cs1"]
[Result "0-1"]
[WhiteTitle "GM"]
[BlackTitle "GM"]
[WhiteElo "2385"]
[BlackElo "2520"]
[WhiteFideId "1004786"]
[BlackFideId "700118"]
[EventDate "2016.07.15"]

1. d4 Nf6 2. c4 e6 3. Nf3 c5 4. e3 g6 5. Nc3 Bg7 6. Be2 O-O 7. O-O b6 8. Qb3 d6
9. Rd1 Qe7 10. Bd2 Nc6 11. a3 Bb7 12. d5 exd5 13. cxd5 Ne5 14. Nxe5 Qxe5 15. Bf3
Bc8 16. h3 Bd7 17. a4 a6 18. Ne2 b5 19. Bc3 Qe7 20. Ng3 h5 21. Qc2 Rfe8 22. axb5
axb5 23. b3 h4 24. Rxa8 Rxa8 25. Nf1 Bf5 26. Qe2 b4 27. Bxf6 Qxf6 28. e4 Bd7 29.
Ne3 Ra3 30. Rb1 Qc3 31. Qc4 Ra2 32. Rc1 Qd2 33. Qf1 Bb5 34. Nc4 Qf4 35. Qd1 Bxc4
36. bxc4 Be5 0-1

[Event "10th Leiden Open A 2016"]
[Site "Leiden NED"]
[Date "2016.07.23"]
[Round "8.9"]
[White "Schmidt Schaeffer,S"]
[Black "Pijpers,A"]
[Result "0-1"]
[BlackTitle "IM"]
[WhiteElo "2384"]
[BlackElo "2473"]
[WhiteFideId "4610148"]
[BlackFideId "1019554"]
[EventDate "2016.07.15"]

1. f4 d5 2. e3 Nf6 3. Nf3 g6 4. Be2 Bg7 5. O-O O-O 6. d4 c5 7. c3 Nc6 8. Ne5 Bf5
9. Nd3 c4 10. Nf2 b5 11. g4 Be6 12. b3 Qc8 13. a4 Na5 14. bxc4 bxc4 15. Nd2 Rb8
16. Ba3 Re8 17. h3 Qc7 18. Kg2 Nd7 19. Qc2 Nb3 20. Rab1 Nxd2 21. Qxd2 f6 22. Bf3
Bf7 23. e4 dxe4 24. Nxe4 Rb3 25. Rxb3 cxb3 26. Nc5 Nb6 27. Bb4 Nc4 28. Qe2 Qxf4
29. Re1 a5 30. Ne6 Qd2 31. Nxg7 Kxg7 32. Qxd2 Nxd2 33. Ba3 Nc4 34. Bc5 b2 35.
Be4 Nd2 36. Bb1 Rb8 0-1

[Event "10th Leiden Open A 2016"]
[Site "Leiden NED"]
[Date "2016.07.23"]
[Round "8.10"]
[White "Pavlovic,Milos"]
[Black "Wiersma,E"]
[Result "1-0"]
[WhiteTitle "GM"]
[BlackTitle "IM"]
[WhiteElo "2475"]
[BlackElo "2354"]
[WhiteFideId "900389"]
[BlackFideId "1002864"]
[EventDate "2016.07.15"]

1. d4 Nf6 2. Nf3 g6 3. Bg5 Bg7 4. c3 O-O 5. Nbd2 Nc6 6. e4 d5 7. Bxf6 Bxf6 8.
exd5 Qxd5 9. Bc4 Qd8 10. O-O e6 11. Re1 Ne7 12. Ne4 Bg7 13. Ne5 Nd5 14. Qf3 c6
15. Rad1 Qc7 16. Bb3 Kh8 17. c4 Ne7 18. Qf4 Qa5 19. Nxf7+ Kg8 20. Qg5 Nf5 21.
Nfd6 Bh6 22. Qg4 Nxd4 23. Nf6+ Rxf6 24. Qxd4 Bg7 25. c5 Kh8 26. Ne8 Rf7 27. Qd8
Qxd8 28. Rxd8 Rd7 29. Rd1 Bd4 30. Rxd4 1-0

[Event "10th Leiden Open A 2016"]
[Site "Leiden NED"]
[Date "2016.07.23"]
[Round "8.11"]
[White "Sagar,S"]
[Black "Van Beek,Al"]
[Result "1-0"]
[WhiteTitle "IM"]
[BlackTitle "IM"]
[WhiteElo "2433"]
[BlackElo "2284"]
[WhiteFideId "5022509"]
[BlackFideId "1007262"]
[EventDate "2016.07.15"]

1. d4 Nf6 2. c4 e6 3. Nc3 Bb4 4. e3 O-O 5. Ne2 d5 6. a3 Bd6 7. c5 Be7 8. Nf4 b6
9. b4 a5 10. Bd2 c6 11. Nd3 Nbd7 12. f4 Ba6 13. Be2 Qc7 14. O-O Ne4 15. Nxe4
dxe4 16. Nf2 Bxe2 17. Qxe2 axb4 18. axb4 f5 19. Qc4 Kf7 20. Nxe4 Rxa1 21. Rxa1
fxe4 22. f5 Kg8 23. Qxe6+ Rf7 24. Ra8+ Nf8 25. Qxe4 bxc5 26. bxc5 Qd7 27. Qe6
Bxc5 28. Qxd7 Rxd7 29. Rc8 Rd6 30. Bc3 Bb6 31. Bb4 Rf6 32. g4 h5 33. h3 hxg4 34.
hxg4 Ba7 35. Kg2 Rf7 36. Bd6 Rf6 37. Bb4 Rf7 38. Rxc6 Nd7 39. Kf3 Kh7 40. Ba5
Nb8 41. Rc8 Nd7 42. Bc3 Nb6 43. Rc6 Nd5 44. Bd2 Rd7 45. g5 Ne7 46. g6+ Kh8 47.
Re6 Ng8 48. Bc3 Nf6 49. Rc6 Ng8 50. Rc8 Bb6 51. Be1 Bxd4 52. exd4 Rxd4 53. Rc7
Rd5 54. Bc3 Rxf5+ 55. Ke4 Rf6 56. Bxf6 Nxf6+ 57. Kf5 Ng8 58. Ke6 Nf6 59. Rc1 Ng4 1-0

[Event "10th Leiden Open A 2016"]
[Site "Leiden NED"]
[Date "2016.07.23"]
[Round "8.12"]
[White "Rosen,E"]
[Black "Mensing,Andrew"]
[Result "1-0"]
[WhiteTitle "IM"]
[WhiteElo "2393"]
[BlackElo "1959"]
[WhiteFideId "2032562"]
[BlackFideId "1043285"]
[EventDate "2016.07.15"]

1. e4 c5 2. Nf3 e6 3. d4 cxd4 4. Nxd4 a6 5. c4 Nf6 6. Nc3 Qc7 7. a3 b6 8. Be3
Nc6 9. Rc1 Bb7 10. f3 d6 11. Nd5 exd5 12. cxd5 g6 13. Nxc6 Bg7 14. Na5 Qe7 15.
Bxb6 Bxd5 16. Rc7 Qe6 17. Be2 Nxe4 18. Qa4+ Kf8 19. fxe4 Bxe4 20. O-O Bf5 21.
Qc6 Re8 22. Bc4 d5 23. Bc5+ Kg8 24. Bxd5 1-0

[Event "10th Leiden Open A 2016"]
[Site "Leiden NED"]
[Date "2016.07.23"]
[Round "8.13"]
[White "Mokal,Amruta Sunil"]
[Black "Rebers,E"]
[Result "1-0"]
[BlackTitle "FM"]
[WhiteElo "2078"]
[BlackElo "2215"]
[WhiteFideId "5016371"]
[BlackFideId "1007556"]
[EventDate "2016.07.15"]

1. e4 d6 2. d4 Nf6 3. Nc3 e5 4. Nf3 Nbd7 5. Bc4 Be7 6. O-O O-O 7. a4 c6 8. h3
Qc7 9. Qe2 h6 10. Ba2 Re8 11. Qc4 Rf8 12. Rd1 exd4 13. Nxd4 Nc5 14. Qe2 a5 15.
Bf4 Qb6 16. Qe3 Re8 17. Nde2 Qb4 18. Rd4 Qxb2 19. Rb1 Qa3 20. Qf3 Ne6 21. Bxe6
Bxe6 22. Rxb7 d5 23. e5 Nd7 24. Qg3 Bg5 25. Bxg5 hxg5 26. Qxg5 Rab8 27. Rxb8
Rxb8 28. Rh4 Rb4 29. f4 Nf8 30. Kh2 Ng6 31. Rh5 Rc4 32. f5 Bxf5 33. Qxf5 Qf8 34.
e6 Nh8 35. Qh7# 1-0

[Event "10th Leiden Open A 2016"]
[Site "Leiden NED"]
[Date "2016.07.23"]
[Round "8.16"]
[White "Ratsma,Midas"]
[Black "Galehdari,B"]
[Result "1-0"]
[WhiteElo "2171"]
[BlackElo "2080"]
[WhiteFideId "1032283"]
[BlackFideId "12505897"]
[EventDate "2016.07.15"]

1. d4 c5 2. d5 e5 3. c4 f5 4. e4 d6 5. exf5 Bxf5 6. Bd3 Ne7 7. Nc3 Bxd3 8. Qxd3
Ng6 9. Nf3 Be7 10. Ne4 Nf4 11. Bxf4 exf4 12. h4 Qa5+ 13. Ned2 Nd7 14. O-O O-O-O
15. Ne4 h6 16. Rfe1 Kb8 17. a3 Qc7 18. b4 Rde8 19. Re2 Bd8 20. Rae1 g5 21. bxc5
Nxc5 22. Nxc5 Rxe2 23. Na6+ bxa6 24. Rxe2 Qg7 25. c5 dxc5 26. d6 c4 27. Qxc4
gxh4 28. Ne5 f3 29. Nxf3 Rg8 30. Ne1 Rf8 31. d7 Be7 32. Rc2 1-0

[Event "10th Leiden Open A 2016"]
[Site "Leiden NED"]
[Date "2016.07.23"]
[Round "8.18"]
[White "Plukkel,S"]
[Black "Schroer,M"]
[Result "1-0"]
[WhiteTitle "FM"]
[WhiteElo "2304"]
[BlackElo "2033"]
[WhiteFideId "1008676"]
[BlackFideId "1012908"]
[EventDate "2016.07.15"]

1. d4 d5 2. c3 Nf6 3. Bg5 Ne4 4. Bf4 Nd7 5. Nf3 Ndf6 6. e3 c6 7. Bd3 Bg4 8. Qb3
Qb6 9. Ne5 Qxb3 10. axb3 Bh5 11. c4 g5 12. Bg3 Bg6 13. Nxg6 hxg6 14. Be5 Rh7 15.
cxd5 cxd5 16. f3 Nd6 17. Nc3 Bg7 18. Bxf6 Bxf6 19. Nxd5 Rc8 20. O-O a6 21. Rfc1
Rxc1+ 22. Rxc1 Bg7 23. Rc7 e6 24. Nb6 Rh4 25. Kh1 Bf8 26. g3 Rh5 27. e4 Rh6 28.
e5 Nf5 29. Bxf5 gxf5 30. Rxb7 f6 31. Rb8+ Kf7 32. exf6 Bd6 33. Rb7+ Kxf6 34.
Nd7+ Kg6 35. Rb6 1-0

[Event "10th Leiden Open A 2016"]
[Site "Leiden NED"]
[Date "2016.07.23"]
[Round "8.21"]
[White "Sahil,Tic"]
[Black "Van der Marel,B"]
[Result "1-0"]
[WhiteElo "2016"]
[BlackElo "2195"]
[WhiteFideId "5019710"]
[BlackFideId "1005855"]
[EventDate "2016.07.15"]

1. d4 c5 2. e3 e6 3. Nf3 Nf6 4. Bd3 Qc7 5. O-O Nc6 6. c4 b6 7. b3 Bb7 8. Nc3 a6
9. Bb2 Ng4 10. d5 Ne7 11. h3 h5 12. d6 Qxd6 13. Be4 Qxd1 14. Rfxd1 d5 15. cxd5
Nf6 16. dxe6 Nxe4 17. Nxe4 Nd5 18. exf7+ Kxf7 19. Ne5+ Kg8 20. Nc3 Nf6 21. Nd7
Nxd7 22. Rxd7 Bc6 23. Rd2 Rh6 24. e4 Re8 25. Re1 b5 26. f3 Bd6 27. Ne2 g5 28.
Red1 Bc7 29. Kf2 Rf8 30. Ng3 Rf7 31. Nf5 Re6 32. Re2 a5 33. g4 hxg4 34. hxg4 Rh7
35. Rg1 b4 36. Bc1 Bb5 37. Ree1 Rg6 38. Rh1 Rd7 39. Rd1 Rxd1 40. Rxd1 Kf8 41.
Rd5 Bc6 42. Rd2 Bb5 43. Rd5 Bc6 44. Rd1 a4 45. Be3 axb3 46. Bxc5+ Ke8 47. axb3
Bd7 48. Bxb4 Be6 49. Rd3 Be5 50. Bc3 Bf4 51. Ng7+ Kf7 52. Nxe6 Rxe6 53. Bd2 1-0

[Event "10th Leiden Open A 2016"]
[Site "Leiden NED"]
[Date "2016.07.23"]
[Round "8.23"]
[White "Erwich,Frans"]
[Black "Thakoerdien,Jerrel"]
[Result "0-1"]
[WhiteElo "1945"]
[BlackElo "2158"]
[WhiteFideId "1004638"]
[BlackFideId "1037439"]
[EventDate "2016.07.15"]

1. e4 e5 2. Nf3 Nc6 3. Bb5 a6 4. Bxc6 dxc6 5. Nc3 Bd6 6. d3 Ne7 7. O-O Ng6 8.
Ne2 Bg4 9. Ng3 Nh4 10. Bg5 Nxf3+ 11. gxf3 Qxg5 12. fxg4 O-O-O 13. Qf3 g6 14. Kh1
Bc5 15. Rad1 Rd6 16. Qe2 Rf6 17. Rde1 Rf4 18. f3 h5 19. gxh5 gxh5 20. Nf5 Rg8
21. c3 h4 22. d4 exd4 23. cxd4 Rxf5 24. Rg1 Bxd4 25. Rxg5 Rfxg5 26. h3 Rg3 27.
Qf1 c5 28. b3 b5 29. Kh2 Bg1+ 30. Qxg1 Rxg1 31. Rxg1 Rxg1 32. Kxg1 f5 33. e5 f4
34. Kf2 Kd7 0-1

[Event "10th Leiden Open A 2016"]
[Site "Leiden NED"]
[Date "2016.07.23"]
[Round "8.24"]
[White "Vistisen,L"]
[Black "Van der Eyk,D"]
[Result "1-0"]
[WhiteElo "2167"]
[BlackElo "2010"]
[WhiteFideId "1404598"]
[BlackFideId "1010484"]
[EventDate "2016.07.15"]

1. e4 c5 2. Nf3 Nc6 3. c3 Nf6 4. e5 Nd5 5. d4 cxd4 6. Bc4 Nb6 7. Bb3 d6 8. exd6
Qxd6 9. O-O g6 10. Ng5 e6 11. Qf3 Qe7 12. Ne4 Bg7 13. Bg5 Qc7 14. Nf6+ Kf8 15.
Re1 h6 16. Bf4 Qe7 17. Ne4 Kg8 18. Bd6 Qd8 19. Qg3 Nd5 20. c4 Nde7 21. c5 Nf5
22. Qh3 Nce7 23. Na3 Bd7 24. Nc4 Bc6 25. Be5 Nd5 26. Bxg7 Kxg7 27. g3 d3 28.
Rad1 Nde3 29. Nxe3 Bxe4 30. Nc4 Bf3 31. Rd2 Nd4 32. Ne5 Ne2+ 33. Kf1 Bc6 34.
Rxd3 Bb5 35. Kxe2 1-0

[Event "10th Leiden Open A 2016"]
[Site "Leiden NED"]
[Date "2016.07.23"]
[Round "8.25"]
[White "Van Halderen,H"]
[Black "Van Briemen,W"]
[Result "1-0"]
[WhiteElo "2079"]
[BlackElo "2047"]
[WhiteFideId "1026682"]
[BlackFideId "1026445"]
[EventDate "2016.07.15"]

1. d4 Nf6 2. Nf3 e6 3. c4 c5 4. d5 d6 5. Nc3 exd5 6. cxd5 g6 7. Nd2 a6 8. a4
Nbd7 9. e4 Bg7 10. Be2 O-O 11. O-O Re8 12. Qc2 Rb8 13. Ra3 Qc7 14. h3 b6 15. Rb3
h6 16. Kh1 g5 17. Nc4 Ne5 18. Nxe5 Rxe5 19. f4 gxf4 20. Bxf4 Re8 21. Bxh6 Bxh6
22. Rxf6 Bg7 23. Rf1 Re5 24. Nd1 Qe7 25. Bd3 b5 26. axb5 axb5 27. Bxb5 Rxe4 28.
Bd3 Rxb3 29. Qxb3 Rb4 30. Qc2 Rh4 31. Qe2 Qxe2 32. Bxe2 Be5 33. b3 Rd4 34. Bc4
Bb7 35. Ne3 Rd2 36. Rd1 Rb2 37. Ng4 Bd4 38. Rf1 Kg7 39. Nh2 Be5 40. Nf3 Bg3 41.
Ng5 f6 42. Ne6+ Kg6 43. Nd8 Bc8 44. Ne6 Kf7 45. Nf4 Rd2 46. Ne6 Kg6 47. Kg1 Bb7
48. Nc7 Bc8 49. Ne6 Bb7 50. Nf8+ Kg7 51. Nd7 Be5 52. Nb6 Kg6 53. Rf3 Ra2 54. Kf1
Rd2 55. Rf2 Rxf2+ 56. Kxf2 Bc3 57. Kf3 Ba5 58. Na4 Bc8 59. Nb2 Bd2 60. Bd3+ Kf7
61. Nc4 Ke7 62. Nxd2 1-0

[Event "10th Leiden Open A 2016"]
[Site "Leiden NED"]
[Date "2016.07.23"]
[Round "8.30"]
[White "Van Diermen,A"]
[Black "Van Orsouw,Theo"]
[Result "1-0"]
[WhiteElo "1948"]
[BlackElo "1966"]
[WhiteFideId "1009710"]
[BlackFideId "1047051"]
[EventDate "2016.07.15"]

1. e4 e5 2. Nf3 Nc6 3. Bc4 Bc5 4. O-O d6 5. c3 Bg4 6. d3 Nf6 7. Be3 Bb6 8. Re1
O-O 9. Nbd2 h6 10. Bb3 Qd7 11. Nf1 Nd8 12. Ng3 Be6 13. Nh4 Ng4 14. Bxb6 axb6 15.
Nhf5 Nf6 16. Qf3 Bxb3 17. axb3 Rxa1 18. Rxa1 Qe6 19. h3 Nc6 20. b4 Kh7 21. Qe3
Ng8 22. b5 Nce7 23. Ra7 Rb8 24. c4 g6 25. Nxe7 Nxe7 26. f4 exf4 27. Qxf4 Kg7 28.
Ne2 f6 29. Nd4 Qe5 30. Qxe5 dxe5 31. Ne6+ Kf7 32. Nxc7 Nc8 33. Ra8 Rxa8 34. Nxa8
Ke6 35. Nc7+ Kd6 36. Nd5 Kc5 37. Kf2 Kd4 38. Ke2 f5 39. Nb4 Kc5 40. Nc2 f4 41.
b4+ Kd6 42. Kf3 h5 43. h4 Ke6 44. g3 fxg3 45. Kxg3 Kf6 46. Ne3 g5 47. c5 gxh4+
48. Kxh4 Ke6 49. Nc4 Na7 50. Nd6 bxc5 51. bxc5 Kd7 52. Kxh5 Kc7 53. b6+ 1-0

[Event "10th Leiden Open A 2016"]
[Site "Leiden NED"]
[Date "2016.07.24"]
[Round "9.1"]
[White "Van Wely,L"]
[Black "Pruijssers,R"]
[Result "1/2-1/2"]
[WhiteTitle "GM"]
[BlackTitle "GM"]
[WhiteElo "2662"]
[BlackElo "2463"]
[WhiteFideId "1000268"]
[BlackFideId "1013068"]
[EventDate "2016.07.15"]

1. d4 Nf6 2. c4 e6 3. g3 d5 4. Nf3 Be7 5. Bg2 O-O 6. O-O dxc4 7. Qc2 a6 8. a4
Bd7 9. Rd1 Bc6 10. Nc3 Bxf3 11. Bxf3 Nc6 12. Bxc6 bxc6 13. Bg5 Rb8 14. a5 Nd5
15. Bxe7 Qxe7 16. Na4 Rb5 17. Qxc4 Rxa5 18. Qxc6 Qb4 19. e3 Qb3 20. Rdc1 h5 21.
h4 g6 22. Ra3 Qb4 23. Rca1 Rb8 24. Qc2 Rab5 25. b3 Qd6 26. Kh2 e5 27. Nc5 exd4
28. exd4 Nb4 29. Qe4 Rd8 30. Ra4 Qxd4 31. Qxd4 Rxd4 32. Nxa6 c5 33. Nxb4 Rdxb4 1/2-1/2

[Event "10th Leiden Open A 2016"]
[Site "Leiden NED"]
[Date "2016.07.24"]
[Round "9.2"]
[White "Van Tellingen,F"]
[Black "Ten Hertog,H"]
[Result "0-1"]
[BlackTitle "FM"]
[WhiteElo "2211"]
[BlackElo "2458"]
[WhiteFideId "1011421"]
[BlackFideId "1026356"]
[EventDate "2016.07.15"]

1. e4 g6 2. d4 Bg7 3. Nc3 d6 4. f4 Nf6 5. Nf3 Nc6 6. Bd3 Bg4 7. Be3 e5 8. dxe5
dxe5 9. h3 exf4 10. Bxf4 Nh5 11. Bh2 Bxf3 12. Qxf3 Qh4+ 13. Qf2 Qxf2+ 14. Kxf2
Bd4+ 15. Ke2 O-O-O 16. Raf1 f6 17. g4 Ng7 18. Nd5 Bxb2 19. Nxf6 Ne6 20. h4 Nb4
21. Nd5 Nxd5 22. exd5 Rxd5 23. Rb1 Bc3 24. Be4 Rd2+ 25. Ke3 Nc5 26. Be5 Re8 27.
Bxc3 Rxc2 0-1

[Event "10th Leiden Open A 2016"]
[Site "Leiden NED"]
[Date "2016.07.24"]
[Round "9.3"]
[White "Postny,E"]
[Black "Kevlishvili,Robby"]
[Result "1/2-1/2"]
[WhiteTitle "GM"]
[BlackTitle "FM"]
[WhiteElo "2625"]
[BlackElo "2384"]
[WhiteFideId "2804344"]
[BlackFideId "1040634"]
[EventDate "2016.07.15"]

1. d4 d5 2. c4 c6 3. Nf3 Nf6 4. Nbd2 Bf5 5. Nh4 Be6 6. e3 g6 7. Be2 Bg7 8. Nhf3
Bf5 9. O-O O-O 10. b3 Ne4 11. Bb2 Nxd2 12. Nxd2 Nd7 13. Rc1 Re8 14. b4 dxc4 15.
Nxc4 Nb6 16. Na5 Rb8 17. Bf3 Qd7 18. a3 a6 19. h3 Be6 20. Qe2 f5 21. Qc2 Bd5 22.
Be2 Qd6 23. Rfd1 Nd7 24. Nb3 Qe6 25. Nd2 Nf6 26. Nc4 Kh8 27. Bf1 Ne4 28. Qe2 Nd6
29. Ne5 Ra8 30. Qd2 Red8 31. Nd3 Ne4 32. Qe2 Qf7 33. Ne5 Qe6 34. Re1 a5 35. b5
c5 36. Nd3 cxd4 37. Bxd4 Bxd4 38. exd4 Qf6 39. Qe3 Rac8 40. Ne5 Kg7 41. f3 Nd6
42. Rxc8 Nxc8 43. Qc3 Qb6 44. Qc5 Qd6 45. Rc1 Be6 46. Qxd6 Nxd6 47. b6 Kf6 48.
Nd3 Nc8 49. Nc5 Bd5 50. Ba6 Nxb6 51. Bxb7 Bf7 52. Rd1 Nc4 1/2-1/2

[Event "10th Leiden Open A 2016"]
[Site "Leiden NED"]
[Date "2016.07.24"]
[Round "9.4"]
[White "Horvath,Cs1"]
[Black "Sandipan,C"]
[Result "0-1"]
[WhiteTitle "GM"]
[BlackTitle "GM"]
[WhiteElo "2520"]
[BlackElo "2568"]
[WhiteFideId "700118"]
[BlackFideId "5004225"]
[EventDate "2016.07.15"]

1. Nf3 d5 2. g3 g6 3. c4 e6 4. Bg2 Bg7 5. O-O Ne7 6. d4 O-O 7. Qc2 Nbc6 8. Rd1
a5 9. b3 Nxd4 10. Nxd4 c5 11. Bb2 cxd4 12. Bxd4 e5 13. Bc5 d4 14. Nc3 Qc7 15.
Na4 Ra6 16. e3 Rd8 17. exd4 exd4 18. Qe4 Nc6 19. Re1 h5 20. Rad1 Bf5 21. Qh4 d3
22. Bd5 Ne5 23. Qf4 Bg4 24. Rxd3 g5 25. Qd2 Nxd3 26. Qxd3 Re6 27. Rxe6 fxe6 28.
Bb6 Rxd5 29. cxd5 Qc1+ 30. Qf1 Qd2 31. dxe6 Bxe6 32. Nc5 Bd5 33. Qd3 Qc1+ 34.
Qf1 Qc3 35. Qd1 Bf3 36. Qd8+ Bf8 37. Qxg5+ Kh8 38. Nd3 Qxd3 39. Qf6+ Bg7 40.
Qd8+ Qxd8 41. Bxd8 Bc3 0-1

[Event "10th Leiden Open A 2016"]
[Site "Leiden NED"]
[Date "2016.07.24"]
[Round "9.5"]
[White "Beerdsen,Thomas"]
[Black "Ikonnikov,Vy"]
[Result "1/2-1/2"]
[WhiteTitle "FM"]
[BlackTitle "GM"]
[WhiteElo "2414"]
[BlackElo "2538"]
[WhiteFideId "1030108"]
[BlackFideId "4100972"]
[EventDate "2016.07.15"]

1. e4 g6 2. d4 Bg7 3. Nc3 d6 4. Bg5 c6 5. Qd2 b5 6. a3 Nd7 7. Nge2 h6 8. Be3
Ngf6 9. f3 Bb7 10. g4 a6 11. Bg2 Qc7 12. a4 b4 13. Nd1 a5 14. c3 c5 15. Rc1 Rc8
16. cxb4 axb4 17. b3 Ba6 18. Nb2 Qa5 19. Bf1 Nb6 20. Ng3 Bxf1 21. Kxf1 h5 22. h3
hxg4 23. hxg4 Rxh1+ 24. Nxh1 Nfd7 25. Nf2 d5 26. dxc5 Nxc5 27. Bxc5 Rxc5 28.
Rxc5 Qxc5 29. Nbd3 Qc3 30. Qd1 Bd4 31. a5 Nd7 32. exd5 Nf6 33. Ne4 Nxe4 34. fxe4
Ba7 35. Kg2 Qd4 36. Qf3 Qc3 37. e5 Bb8 38. a6 Qxb3 39. e6 fxe6 40. dxe6 Qa2+ 41.
Nf2 Qxe6 42. Qa8 Qb6 43. Ne4 b3 44. a7 Qxa7 45. Qc6+ Qd7 46. Qxg6+ Kd8 47. Qg8+
Kc7 48. Qxb3 Qxg4+ 49. Qg3+ Qxg3+ 50. Kxg3 Kc6+ 51. Kf3 Kd5 52. Ke3 Ba7+ 53. Kd3
Ke5 54. Ng5 Kf5 55. Ne4 e6 56. Nd6+ Kf4 57. Ne4 Bb8 58. Nc5 e5 59. Nd7 e4+ 60.
Ke2 Ba7 61. Nf6 Bd4 62. Nxe4 Kxe4 1/2-1/2

[Event "10th Leiden Open A 2016"]
[Site "Leiden NED"]
[Date "2016.07.24"]
[Round "9.6"]
[White "Pijpers,A"]
[Black "Sukandar,I"]
[Result "1-0"]
[WhiteTitle "IM"]
[BlackTitle "IM"]
[WhiteElo "2473"]
[BlackElo "2419"]
[WhiteFideId "1019554"]
[BlackFideId "7101937"]
[EventDate "2016.07.15"]

1. e4 e5 2. Nf3 Nf6 3. Nxe5 d6 4. Nf3 Nxe4 5. d4 d5 6. Bd3 Nc6 7. O-O Be7 8.
Nbd2 Nxd2 9. Bxd2 Bg4 10. c3 O-O 11. h3 Bh5 12. g3 Bg6 13. Ne1 Qd7 14. Bxg6 hxg6
15. h4 Rfe8 16. Ng2 Bf6 17. Ne3 Ne7 18. h5 c6 19. hxg6 Nxg6 20. Qh5 Re4 21. f3
Re6 22. f4 Re4 23. f5 Nf8 24. Ng4 Qd6 25. Bf4 Qe7 26. Be5 Nd7 27. Rf2 Bxe5 28.
Rh2 Bxd4+ 29. Kf1 f6 30. Qh7+ Kf8 31. Qh8+ Kf7 32. Qh5+ Kf8 33. Qh8+ Kf7 34.
Qh5+ Kf8 35. Qg6 Qf7 36. Rh8+ Ke7 37. Rxa8 Qxg6 38. fxg6 Rxg4 39. cxd4 Rxg3 40.
Rxa7 Rxg6 41. Rxb7 Rg4 42. Re1+ Re4 43. Rxe4+ dxe4 44. a4 Kd8 45. a5 Kc8 46. a6
Nb8 47. Rb6 1-0